000
00298nam a22001337a 4500
008
170526b xxu||||| |||| 00| 0 eng d
020
_a
0831111305
041
_a
eng
080
_a
624.14
100
_a
25
101
_a
IM
245
_a
ENERGY COGENERATION HANDBOOK
_c
POLIMEROS,G
942
_2
udc
_c
BK
999
_c
14358
_d
14358